Silver and prices in China : report of the Committee for the Study of Silver Values and Commodity Prices, Ministry of Industries.

Saved in:
Bibliographic Details
Corporate Author: China. Ministry of Industries. Committee for the Study of Silver Values and Commodity Prices
Format: Book
Language:English
Published: Shanghai, China : Commercial Press, 1935.
Subjects:
LEADER 00888nam a22002051 4500
001 c000360352
003 CARM
005 00000000000000.0
008 851113s1935 cc 0 eng d
019 1 |a 4136973  |5 LACONCORD2021 
035 |a (OCoLC)51349920  |5 LACONCORD2021 
110 1 0 |a China.  |b Ministry of Industries.  |b Committee for the Study of Silver Values and Commodity Prices. 
245 1 0 |a Silver and prices in China :  |b report of the Committee for the Study of Silver Values and Commodity Prices, Ministry of Industries. 
260 |a Shanghai, China :  |b Commercial Press,  |c 1935. 
650 0 |a Prices  |z China. 
650 0 |a Silver. 
852 8 |b CARM  |h A1:AL26F0  |i B10086  |p 0448946  |f BK 
082 0 4 |a 332.41 
999 f f |i 983e637f-e47b-5ba6-a968-a46790c0d2e7  |s 8c077456-6c59-57b4-ae7a-7bf7fb2b6cb8 
952 f f |p Can circulate  |a CAVAL  |b CAVAL  |c CAVAL  |d CARM 1 Store  |e B10086  |f A1:AL26F0  |h Other scheme  |i book  |m 0448946